FC Barcelona Squad 2024-2025 - Statistics

General Stats
  • This quiz has been taken 4,244 times
    2,285 since last reset
  • The average score is 22 of 27
Answer Stats
# Position Nation Player % Correct
1 GK Germany Marc-André ter Stegen
98%
8 MF Spain Pedri
96%
6 MF Spain Gavi
95%
19 FW Spain Lamine Yamal
95%
11 FW Brazil Raphinha
95%
9 FW Poland Robert Lewandowski
95%
4 DF Uruguay Ronald Araujo
94%
21 MF Netherlands Frenkie de Jong
90%
2 DF Spain Pau Cubarsí
90%
23 DF France Jules Koundé
89%
3 DF Spain Alejandro Balde
88%
- Coach Germany Hansi Flick
88%
7 FW Spain Ferran Torres
86%
15 DF Denmark Andreas Christensen
84%
5 DF Spain Iñigo Martínez
81%
35 DF Spain Gerard Martín
79%
13 GK Spain Iñaki Peña
77%
14 MF Spain Pablo Torre
76%
20 MF Spain Dani Olmo
75%
10 FW Spain Ansu Fati
74%
16 MF Spain Fermín López
74%
25 GK Poland Wojciech Szczęsny
71%
24 DF Spain Eric García
70%
17 MF Spain Marc Casadó
68%
32 DF Spain Héctor Fort
57%
28 MF Spain Marc Bernal
53%
18 FW Spain Pau Víctor
47%
No matching quizzes found
Score Distribution
Percent of People with Each Score
Percentile by Number Answered
Your Score History
You have not taken this quiz since the last reset